000 00953cam a22003251 4500
001 200468076
003 TR-AnTOB
005 20260413143833.0
007 ta
008 260413m19691962nyu 000 0 eng d
010 _a 45000777
035 _a8336928
035 _a(OCoLC)3145553
040 _aDLC
_beng
_erda
_cInMuB
_dInMuB
_dDLC
_dTR-AnTOB
041 0 _aeng
050 0 0 _aPQ4272.E5
_bA3 1969
090 _aPQ4272.E5
_bA3 1969 TıpFaK
100 1 _aBoccaccio, Giovanni,
_d1313-1375
_eauthor
_9153599
245 1 0 _aTales from the Decameron /
_cGiovanni Boccaccio, selected and adapted by Mark Cohen.
264 1 _aLondon :
_bNel Signet Classic,
_c1969.
264 4 _c©1962
300 _a217 pages ;
_c18 cm
336 _atext
_btxt
_2rdacontent
337 _aunmediated
_bn
_2rdamedia
338 _avolume
_bnc
_2rdacarrier
700 1 _aCohen, Mark
_eeditor
_9153601
942 _2lcc
_cBK
999 _c200468076
_d86288